000
00253nam a2200097Ia 4500
082
_a
J 956.94 MASO
245
0
_a
Israel and Palestine
100
_a
MASON, Paul Tarrytown, 2009
_9
61449
942
_c
BK
008
210817s9999 xx 000 0 und d
999
_c
193508
_d
193507